[Event "Bogota Kallpa op"]
[Site "Bogota"]
[Date "2025.06.28"]
[Round "3"]
[White "Brizuela Abreu, Ronald Jesus"]
[Black "Malagon Guzman, Juan Daniel"]
[Result "1-0"]
[WhiteElo "2293"]
[BlackElo "1940"]
[PlyCount "83"]
[EventDate "2025.06.25"]
[EventType "swiss"]
[EventRounds "6"]
[EventCountry "COL"]
[SourceTitle "CB27_2025"]
[SourceDate "2025.07.02"]
[SourceVersion "1"]
[SourceVersionDate "2025.07.02"]
[SourceQuality "1"]

1. Nf3 d5 2. d4 Nf6 3. c4 e6 4. a3 c5 5. cxd5 exd5 6. dxc5 Bxc5 7. b4 Bb6 8. e3 0-0 9. Be2 Nc6 10. Bb2 Bg4 11. 0-0 Qd6 12. Nc3 a6 13. Rc1 Rad8 14. Na4 Bc7 15. g3 Ne4 16. Nc5 Nxc5 17. Rxc5 Bb6 18. Rc2 Rfe8 19. Nd4 Nxd4 20. Bxd4 Bxd4 21. Qxd4 Re4 22. Qd3 Bf5 23. Rd2 Qf6 24. Qb3 Be6 25. Rfd1 Rc8 26. Bf1 d4 27. Qd3 Bf5 28. exd4 Re7 29. Qf3 Qg6 30. h3 Be4 31. Qf4 Bd5 32. Bd3 Qh5 33. Kh2 g5 34. Qf6 Rce8 35. Rc1 Bf3 36. Rc5 h6 37. Re5 Rxe5 38. dxe5 Re6 39. Qf5 Bc6 40. Qh7+ Kf8 41. Qh8+ Ke7 42. Be2 1-0

[Event "Bogota Kallpa op"]
[Site "Bogota"]
[Date "2025.06.28"]
[Round "4"]
[White "Malagon Guzman, Juan Daniel"]
[Black "Guerrero Avila, Hernando"]
[Result "1-0"]
[WhiteElo "1940"]
[BlackElo "1756"]
[PlyCount "67"]
[EventDate "2025.06.25"]
[EventType "swiss"]
[EventRounds "6"]
[EventCountry "COL"]
[SourceTitle "CB27_2025"]
[SourceDate "2025.07.02"]
[SourceVersion "1"]
[SourceVersionDate "2025.07.02"]
[SourceQuality "1"]

1. e4 e6 2. d4 d5 3. e5 c5 4. c3 Nc6 5. Nf3 Qb6 6. a3 a5 7. Bd3 Be7 8. 0-0 Bd7 9. Bc2 cxd4 10. cxd4 Nh6 11. Nc3 f6 12. Re1 f5 13. Bxh6 gxh6 14. Bxf5 0-0-0 15. Na4 Qa7 16. Bh3 Rdf8 17. Qb3 Kc7 18. Rac1 Rf4 19. Nc3 Kd8 20. Nxd5 exd5 21. Qxd5 Rxd4 22. Nxd4 Qxd4 23. Qxd4 Nxd4 24. Rcd1 Bc5 25. Bxd7 Kxd7 26. Re4 Ke6 27. Rexd4 Bxd4 28. Rxd4 Rc8 29. f4 Rc1+ 30. Kf2 Rc2+ 31. Kf3 Rxb2 32. Rd6+ Ke7 33. Rxh6 Rb3+ 34. Ke4 1-0

[Event "Bogota Kallpa op"]
[Site "Bogota"]
[Date "2025.06.26"]
[Round "1"]
[White "Galvan Avila, Juan Manuel"]
[Black "Malagon Guzman, Juan Daniel"]
[Result "0-1"]
[WhiteElo "1536"]
[BlackElo "1940"]
[PlyCount "100"]
[EventDate "2025.06.25"]
[EventType "swiss"]
[EventRounds "6"]
[EventCountry "COL"]
[SourceTitle "CB27_2025"]
[SourceDate "2025.07.02"]
[SourceVersion "1"]
[SourceVersionDate "2025.07.02"]
[SourceQuality "1"]

1. d4 d5 2. Nf3 Nf6 3. c4 e6 4. e3 c5 5. Nc3 Nc6 6. Be2 cxd4 7. exd4 dxc4 8. Bxc4 Be7 9. 0-0 0-0 10. d5 exd5 11. Nxd5 Nxd5 12. Qxd5 Qxd5 13. Bxd5 Nb4 14. Be4 f5 15. Bb1 Bf6 16. a3 Nc6 17. Ba2+ Kh8 18. Ng5 h6 19. Nf7+ Kh7 20. Nd6 Nd4 21. Rb1 Be5 22. Nc4 Bf6 23. Nd6 f4 24. Kh1 f3 25. Nxc8 fxg2+ 26. Kxg2 Raxc8 27. Be3 b6 28. Bxd4 Bxd4 29. f3 Rc2+ 30. Kh3 Be5 31. f4 Bxf4 32. Rbd1 Rxh2+ 33. Kg4 h5+ 34. Kf3 Bg5+ 35. Ke4 Rxf1 36. Rxf1 Rxb2 37. Bc4 Bf6 38. Kd5 Rd2+ 39. Ke6 h4 40. Rf3 Kg6 41. Bd5 Re2+ 42. Kd7 Kg5 43. Be6 Rxe6 44. Kxe6 Kg4 45. Rf1 h3 46. Kd5 h2 47. Ke4 Kg3 48. Ke3 Kg2 49. Rf2+ Kg1 50. Rc2 Bg5+ 0-1

[Event "Bogota Kallpa op"]
[Site "Bogota"]
[Date "2025.06.25"]
[Round "5"]
[White "Valle, Efrain"]
[Black "Malagon Guzman, Juan Daniel"]
[Result "1-0"]
[WhiteElo "2064"]
[BlackElo "1940"]
[PlyCount "77"]
[EventDate "2025.06.25"]
[EventType "swiss"]
[EventRounds "6"]
[EventCountry "COL"]
[SourceTitle "CB27_2025"]
[SourceDate "2025.07.02"]
[SourceVersion "1"]
[SourceVersionDate "2025.07.02"]
[SourceQuality "1"]

1. e4 e5 2. Nc3 Nc6 3. g3 Nf6 4. Bg2 Bc5 5. Nf3 d6 6. 0-0 Bg4 7. h3 Be6 8. d3 h6 9. a3 Qd7 10. Kh2 g5 11. Na4 Bb6 12. Nxb6 axb6 13. Ng1 0-0-0 14. c4 g4 15. h4 Ne7 16. a4 c5 17. Qb3 Kc7 18. Ne2 Nc6 19. Bd2 Ra8 20. Qd1 Ra6 21. Nc3 Qe7 22. Nd5+ Bxd5 23. cxd5 Nd4 24. b4 Nd7 25. b5 Raa8 26. Qxg4 Nb3 27. Ra2 Nxd2 28. Rxd2 Rxa4 29. Rb1 h5 30. Qd1 Raa8 31. Ra1 Nf6 32. Bh3 Ra5 33. Rb2 Rha8 34. Rxa5 Rxa5 35. Qf3 Ra8 36. Qf5 Rg8 37. Ra2 Ng4+ 38. Kg1 Qf6 39. Bxg4 1-0

[Event "COL-ch U20"]
[Site "Bogota"]
[Date "2025.01.31"]
[Round "4"]
[White "Malagon Guzman, Juan Daniel"]
[Black "Salamanca, Juan Manuel"]
[Result "0-1"]
[WhiteElo "1916"]
[BlackElo "1700"]
[PlyCount "56"]
[EventDate "2025.01.29"]
[EventType "tourn"]
[EventRounds "9"]
[EventCountry "COL"]
[SourceTitle "CB06_2025"]
[SourceDate "2025.02.05"]
[SourceVersion "1"]
[SourceVersionDate "2025.02.05"]
[SourceQuality "1"]

1. e4 c5 2. Nf3 e6 3. d4 cxd4 4. Nxd4 a6 5. Nc3 Qc7 6. Be2 Nf6 7. Be3 Bb4 8. f3 d5 9. Qd3 e5 10. exd5 exd4 11. Qxd4 Bd6 12. 0-0 Bxh2+ 13. Kh1 Be5 14. Qd2 Bf5 15. g4 Bc8 16. g5 Nh5 17. Ne4 Ng3+ 18. Nxg3 Bxg3 19. f4 h5 20. Kg2 h4 21. Qd4 Kf8 22. Bd2 Qd7 23. Bb4+ Kg8 24. Bc3 Qh3+ 25. Kf3 Bg4+ 26. Ke4 Bf5+ 27. Ke3 Bf2+ 28. Kxf2 Qg3# 0-1

[Event "Santiago de Cali op"]
[Site "Cali"]
[Date "2024.12.28"]
[Round "4"]
[White "Malagon Guzman, Juan Daniel"]
[Black "Dominguez Rincon, Miller Duvan"]
[Result "0-1"]
[WhiteElo "1849"]
[BlackElo "1999"]
[PlyCount "52"]
[EventDate "2024.12.26"]
[EventType "swiss"]
[EventRounds "8"]
[EventCountry "COL"]
[SourceTitle "CB01_2025"]
[SourceDate "2025.01.01"]
[SourceVersion "1"]
[SourceVersionDate "2025.01.01"]
[SourceQuality "1"]

1. e4 e5 2. Nf3 Nc6 3. Bb5 a6 4. Ba4 Nf6 5. 0-0 Be7 6. Re1 b5 7. Bb3 d6 8. c3 0-0 9. d4 Bg4 10. Be3 exd4 11. cxd4 Na5 12. e5 dxe5 13. dxe5 Qxd1 14. Rxd1 Nd7 15. h3 Nxb3 16. hxg4 Nxa1 17. Rxd7 Rfe8 18. Nc3 Nc2 19. Nd5 Nxe3 20. fxe3 Bd8 21. Nd4 Rxe5 22. Nc6 Re8 23. Kf2 a5 24. Ke2 Bg5 25. Kd1 Re4 26. Nxc7 Rc8 0-1

[Event "Bogota Navidad op"]
[Site "Bogota"]
[Date "2024.12.05"]
[Round "3"]
[White "Urbina Obando, Francisco Antonio"]
[Black "Malagon Guzman, Juan Daniel"]
[Result "0-1"]
[WhiteElo "1600"]
[BlackElo "1849"]
[PlyCount "31"]
[EventDate "2024.12.04"]
[EventType "swiss"]
[EventRounds "9"]
[EventCountry "COL"]
[SourceTitle "CB50_2024"]
[SourceDate "2024.11.01"]
[SourceVersion "1"]
[SourceVersionDate "2024.11.01"]
[SourceQuality "2"]

1. d4 d5 2. c4 e6 3. Nc3 Nf6 4. cxd5 exd5 5. Nf3 c6 6. e3 Bd6 7. Bd3 Bg4 8. 0-0 0-0 9. a4 Nbd7 10. h3 Bh5 11. Re1 Re8 12. a5 Ne4 13. Be2 Ndf6 14. Nd2 Bxe2 15. Rxe2 Bc7 16. Ndxe4 0-1

[Event "Bogota Distrito Capital op-B"]
[Site "Bogota"]
[Date "2024.09.21"]
[Round "5"]
[White "Salazar, Andres Felipe"]
[Black "Malagon Guzman, Juan Daniel"]
[Result "1-0"]
[WhiteElo "1931"]
[BlackElo "1846"]
[PlyCount "25"]
[EventDate "2024.09.19"]
[EventType "swiss"]
[EventRounds "7"]
[EventCountry "COL"]
[SourceTitle "EXT 2025"]
[Source "ChessBase"]
[SourceDate "2024.10.14"]
[SourceVersion "1"]
[SourceVersionDate "2024.10.14"]
[SourceQuality "1"]

1. Nf3 d5 2. d4 Nf6 3. c4 e6 4. g3 c6 5. Nbd2 Bd6 6. Bg2 0-0 7. 0-0 Nbd7 8. Qc2 Re8 9. e4 dxe4 10. Ng5 e5 11. Ndxe4 Bf8 12. dxe5 Nxe5 13. Nxf6+ 1-0

[Event "Bogota District-ch"]
[Site "Bogota"]
[Date "2024.04.19"]
[Round "3"]
[White "Malagon Guzman, Juan Daniel"]
[Black "Dominguez Rincon, Miller Duvan"]
[Result "0-1"]
[WhiteElo "1837"]
[BlackElo "1996"]
[PlyCount "42"]
[EventDate "2024.04.17"]
[EventType "swiss"]
[EventRounds "7"]
[EventCountry "COL"]
[SourceTitle "CBM 220 Extra"]
[Source "ChessBase"]
[SourceDate "2024.07.31"]
[SourceVersion "1"]
[SourceVersionDate "2024.07.31"]
[SourceQuality "1"]

1. e4 e5 2. Nf3 Nc6 3. Bb5 a6 4. Ba4 Nf6 5. 0-0 Bc5 6. c3 b5 7. Bb3 d6 8. d4 Bb6 9. h3 0-0 10. a4 Bb7 11. Re1 h6 12. Na3 exd4 13. cxd4 Nb4 14. Bd2 Nd3 15. Re3 Bxe4 16. Qe2 Nf4 17. Qf1 Re8 18. axb5 Bxf3 19. Rxf3 Ne2+ 20. Kh1 Nxd4 21. Rxf6 Nxb3 0-1